000 00601nam a2200169 a 4500
008 120416s2005 ||||||||||||||||| || u
050 _aGOV.ZAM(02)2005/5
110 _aNational Agricultural Information Services (NAIS)
245 1 0 _aPig Production
260 _aLusaka
_bNAIS
_c2005
300 _a26p.: ill.
350 _a0.00
650 _aANIMAL CULTURE
650 _aSWINE--BREEDING--ZAMBIA
710 _aGovernment of the Republic of Zambia (GRZ)
995 _D0.00
_FCBU-MAIN LIBRARY (Kitwe)
_H1
_I0.00
_M1
_UAVAILABLE
_ZZambiana Collection
999 _c53642
_d53642